000 00415nam a2200157 i 4500
001 bg
245 0 0 _aDeine Freunde /
_cwybór i oprac. Helena Linkiewicz, Ernest Rosiński.
260 _aWarszawa,
_c1976.
700 1 _aLinkiewicz, Helena.
_eOprac.
700 1 _aRosiński, Ernest.
_eOprac.
040 _cBPK
041 _apol
080 _a803.0:830-93
942 _cKS
008 s pl f |000 0 pol
999 _c7725
_d7725
856 _uhttp://koha.tu.koszalin.pl/cgi-bin/koha/opac-detail.pl?biblionumber=7725
_yKatalog online BPK